000
00284nam a2200109Ia 4500
001
1276670
005
20260417160452.0
008
260417s9999 xx 000 0 und d
020
_a
9786253800536
245
0
_a
Ara Alem: 2 - Yasak Oyun
_c
Miyase Sertbarut
260
_b
Tudem Yayınları
999
_c
1276670
_d
1276670